| 000 | 01033nam a2200229Ii 4500 | ||
|---|---|---|---|
| 003 | JO-AjNU | ||
| 008 | 230605s9999||||xx |||||||||||||| ||und|| | ||
| 017 | _a2007/7/2257 | ||
| 020 | _a978-9957-11-718-4 | ||
| 040 |
_aJO-AjNU _bara _erda _cJO-AjNU |
||
| 041 | _aara | ||
| 050 | 1 | 4 | _aHG1709.S5364 2008 |
| 100 | 3 |
_aتاليف: الشمري، ناظم محمد نوري / م.مشارك: عبدالفتاح زهير العبداللات, _eauthor _929032 |
|
| 245 | 0 | 0 | _aالصيرفة الالكترونية: الادوات والتطبيقات ومعيقات التوسع= Electronic Banking Tools,Applications And Expansion Obstacles |
| 250 | _aط1 | ||
| 264 | 3 | 1 | _aعمان: دار وائل للنشر والتوزيع، 2008 |
| 300 |
_a267ص _bيحتوي على ببلوغرافية وقائمة مصطلحات من 255-267ص |
||
| 336 |
_atext _btxt _2rdacontent |
||
| 337 |
_aunmediated _bn _2rdamedia |
||
| 338 |
_avolume _bnc _2rdacarrier |
||
| 650 | 4 |
_aالاقتصاد المالي- البنوك التجارية _929033 |
|
| 999 |
_aA11335 _c14903 _d14903 |
||